Biblioteca y Centro de Documentación

Pensiones no contributivas de la Seguridad Social y prestaciones sociales y económicas de la LISMI (Registro nro. 20922)

Detalles MARC
000 -CABECERA
Longitud fija campo de control 01689nam a2200385 c 4500
001 - NÚMERO DE CONTROL
Número de control 20922
003 - IDENTIFICADOR DE NÚMERO DE CONTROL
Identificador del número de control ES-MaCES
005 - FECHA Y HORA DE LA ÚLTIMA TRANSACCIÓN
Fecha y hora de la última transacción 20141221122709.0
008 - CAMPO FIJO DE DESCRIPCIÓN FIJA--INFORMACIÓN GENERAL
Códigos de información de longitud fija   080307s2005 sp s o000 | spa d
035 ## - NÚMERO DE CONTROL DEL SISTEMA
Número de control del sistema CES20080001753m
040 ## - FUENTE DE CATALOGACIÓN
Centro catalogador de origen ES-MaCES
Lengua de catalogación spa
Centro transcriptor ES-MaCES
245 00 - MENCIÓN DE TÍTULO
Título Pensiones no contributivas de la Seguridad Social y prestaciones sociales y económicas de la LISMI
Nombre de parte o sección de la obra Revisión anual y revisiones de oficio e instancia de parte, año 2005
Mención de responsabilidad, etc. Subdirección General de Gestión, Área de Prestaciones Económicas, Servicio de Asistencia Técnica e Informes [del] IMSERSO
260 ## - PUBLICACIÓN, DISTRIBUCIÓN, ETC (PIE DE IMPRENTA)
Lugar de publicación, distribución, etc. [Madrid]
Nombre del editor, distribuidor, etc. la Subdirección
Fecha de publicación, distribución, etc. [2005?]
300 ## - DESCRIPCIÓN FÍSICA
Extensión 22, 39 p.
Dimensiones 21 x 30 cm
Material anejo 1 CD-ROM
500 ## - NOTA GENERAL
Nota general Tít. tomado de la cub
500 ## - NOTA GENERAL
Nota general Publ. simultáneamente en CD-ROM
541 ## - NOTA DE LA FUENTE INMEDIANTE DE ADQUISICIÓN
Forma de adquisición Gratuito
650 #4 - ASIENTO SECUNDARIO DE MATERIA--TÉRMINO DE MATERIA
Término de materia o nombre geográfico como elemento inicial prestaciones no contributivas
9 (RLIN) 30900
650 #4 - ASIENTO SECUNDARIO DE MATERIA--TÉRMINO DE MATERIA
Término de materia o nombre geográfico como elemento inicial régimen de pensión
9 (RLIN) 27042
650 #4 - ASIENTO SECUNDARIO DE MATERIA--TÉRMINO DE MATERIA
Término de materia o nombre geográfico como elemento inicial seguridad social
9 (RLIN) 27034
650 #4 - ASIENTO SECUNDARIO DE MATERIA--TÉRMINO DE MATERIA
Término de materia o nombre geográfico como elemento inicial administración de la seguridad social
9 (RLIN) 30264
650 #4 - ASIENTO SECUNDARIO DE MATERIA--TÉRMINO DE MATERIA
Término de materia o nombre geográfico como elemento inicial prestaciones de invalidez
9 (RLIN) 27036
650 #4 - ASIENTO SECUNDARIO DE MATERIA--TÉRMINO DE MATERIA
Término de materia o nombre geográfico como elemento inicial integración de las personas con discapacidad
9 (RLIN) 29681
650 #4 - ASIENTO SECUNDARIO DE MATERIA--TÉRMINO DE MATERIA
Término de materia o nombre geográfico como elemento inicial España
9 (RLIN) 26964
650 #4 - ASIENTO SECUNDARIO DE MATERIA--TÉRMINO DE MATERIA
Término de materia o nombre geográfico como elemento inicial 2005
9 (RLIN) 31686
650 #4 - ASIENTO SECUNDARIO DE MATERIA--TÉRMINO DE MATERIA
Término de materia o nombre geográfico como elemento inicial datos estadísticos
9 (RLIN) 30765
650 #4 - ASIENTO SECUNDARIO DE MATERIA--TÉRMINO DE MATERIA
Término de materia o nombre geográfico como elemento inicial CD ROM
9 (RLIN) 30331
653 10 - TÉRMINO DE INDEXACIÓN--NO CONTROLADO
Término no controlado Estadísticas económico-sociales
710 2# - ENCABEZAMIENTO SECUNDARIO--NOMBRE CORPORATIVO
Nombre de entidad o nombre de jurisdicción como elemento inicial Instituto de Mayores y Servicios Sociales (España)
9 (RLIN) 4202
787 0# - ENTRADA DE OTRAS ESPECIFICACIONES
Título Pensiones no contributivas de la Seguridad Social y prestaciones sociales y económicas de la LISMI
Número de control del registro relacionado (ES-MaCES)20921
787 0# - ENTRADA DE OTRAS ESPECIFICACIONES
Título Pensiones no contributivas de la Seguridad Social
Número de control del registro relacionado (ES-MaCES)6394
902 ## - CES. TIPO DE DOCUMENTO
Tipodoc (006$c Sirtex) DOC Literatura gris
942 ## - ELEMENTOS KOHA
Fuente de clasificaión o esquema Clasificación propia del CES
Koha [por defecto] tipo de item Monografías
Parte de clasificación 8.2.
Existencias
Número de registro Signatura completa Tipo de item de Koha
070313 SR-CD-713 Monografías
070316 DOC-8.2.-86 Monografías
© CES, Consejo Económico y Social de España 2021